| 000 | 00000nam 2200000za 4500 |
| 001 | 9.604331 |
| 003 | CaOODSP |
| 005 | 20250828100240 |
| 007 | cr ||||||||||| |
| 008 | 150406|1998||||xxc|||||o f|0| 0 fre d |
| 022 | |a1205-9161 |
| 040 | |aCaOODSP|bfre |
| 043 | |an-cn--- |
| 086 | 1 |aCS11-0019/98F-PDF |
| 100 | 1 |aBaldwin, John R. |q(John Russel) |
| 245 | 00|aL'incidence de la technologie et du commerce sur les écarts salariaux entre les travailleurs de la production et la main-d'oeuvre indirecte dans le secteur manufacturier canadien / |h[ressource électronique]|cpar John R. Baldwin et Mohammed Rafiquzzaman. |
| 260 | |aOttawa - Ontario : |bStatistique Canada |cMai 1998. |
| 300 | |a50p.|bgraphiques, références, tableaux |
| 490 | 1 |aDocuments de recherche - Direction des études analytiques|x1205-9161|vN° 98 |
| 590 | |a12-34-Supp|b2012-07-31 |
| 710 | 2 |aStatistique Canada. |
| 775 | 08|tThe effect of technology and trade on wage differentials between nonproduction and production workers in Canadian manufacturing / |w(CaOODSP)9.574596 |
| 776 | 0#|tL'incidence de la technologie et du commerce sur les écarts salariaux entre les travailleurs de la production et la main-d'oeuvre indirecte dans le secteur manufacturier canadien / |w(CaOODSP)9.624705 |
| 830 | #0|aDocuments de recherche (Statistique Canada. Direction des études analytiques)|x1205-9161|vN° 98|w(CaOODSP)9.500842 |
| 856 | 40|ahttp://publications.gc.ca|qPDF|s171 Ko|uhttps://publications.gc.ca/collections/Collection/CS11-0019-98F.pdf|yN° 98 |